00270nam a2200109Ia 4500008004100000100001600041245003800057250000800095260004100103300000800144650000800152191201s2013 xx 000 0 und d aMISHRA, M N 0aInsurance Principles and Practice aRav aN. DelhibS Chand and Co. Ltd.c2013 a893 aBBA